| 000 | 00369nam a2200157Ia 4500 | ||
|---|---|---|---|
| 008 | 220204s9999 xx 000 0 und d | ||
| 082 |
_a55(540) _bWAD |
||
| 100 | _aWADIA, D N | ||
| 245 | 0 | _aGeology of India | |
| 250 | _aEd.4 | ||
| 260 |
_aNew Delhi _bTata Mcgraw Hill _c1919 |
||
| 650 | _aGeology | ||
| 650 | _aPhysiography | ||
| 650 | _aStratigraphy | ||
| 942 | _cBK | ||
| 999 |
_c26376 _d26376 |
||